[Event "CRO-ch U15 Girls"]
[Site "Trogir"]
[Date "2023.06.21"]
[Round "2"]
[White "Domislovic, Helena"]
[Black "Hajdinic, Ema"]
[Result "1/2-1/2"]
[WhiteElo "1246"]
[BlackElo "1793"]
[PlyCount "42"]
[EventDate "2023.06.21"]
[EventType "swiss"]
[EventRounds "9"]
[EventCountry "CRO"]
[SourceTitle "EXT 2024"]
[Source "ChessBase"]
[SourceDate "2023.10.10"]
[SourceVersion "1"]
[SourceVersionDate "2023.10.10"]
[SourceQuality "1"]

1. d4 Nf6 2. Nf3 d5 3. c4 e6 4. Nc3 Be7 5. Bg5 0-0 6. e3 Nbd7 7. Qc2 b6 8. cxd5 exd5 9. Bb5 Bb7 10. Bxd7 Nxd7 11. Bxe7 Qxe7 12. 0-0 f5 13. Ne2 c5 14. dxc5 bxc5 15. Rfe1 Rac8 16. Rac1 Qf7 17. Qb3 Ba8 18. Red1 h6 19. Nf4 g5 20. Nxd5 c4 21. Qb5 a6 1/2-1/2

[Event "CRO-ch U13 Girls"]
[Site "Trogir"]
[Date "2020.08.27"]
[Round "6"]
[White "Domislovic, Helena"]
[Black "Ladan, Paula"]
[Result "0-1"]
[WhiteElo "1602"]
[BlackElo "1128"]
[PlyCount "38"]
[EventDate "2020.08.24"]
[EventType "tourn"]
[EventRounds "9"]
[EventCountry "CRO"]
[SourceTitle "CBM 198 Extra"]
[Source "ChessBase"]
[SourceDate "2020.11.30"]
[SourceVersion "1"]
[SourceVersionDate "2020.11.30"]
[SourceQuality "1"]

1. d4 Nf6 2. c4 e6 3. Bd2 d5 4. Nc3 c5 5. e3 Nc6 6. Nf3 Ne4 7. Bd3 Nxd2 8. Qxd2 Be7 9. g3 0-0 10. 0-0 dxc4 11. Bxc4 b6 12. Bd3 cxd4 13. Nxd4 Nxd4 14. exd4 Qxd4 15. Rad1 Rd8 16. Nb5 Qd5 17. Nc7 Qf3 18. Nxa8 Bb7 19. Nc7 Qg2# 0-1